| 000 | 00851cam a22002535a 4500 | ||
|---|---|---|---|
| 001 | 016876832 | ||
| 003 | OSt | ||
| 005 | 20170104144600.0 | ||
| 008 | 140923s2014 enk frb 001 0 eng d | ||
| 020 | _a9780415723091 | ||
| 040 |
_aStDuBDS _beng _cStDuBDS _dEG-ScBUE |
||
| 082 | 0 | 4 |
_a306.09 _222 _bARA |
| 245 | 0 | 4 |
_aThe Arab Spring : _bcritical analyses / _cedited by Khair El-Din Haseeb. |
| 260 |
_aOxfordshire ; _aNew York : _bRoutledge / Taylor & Francis Group ; _a[Hamra] : _bCentre for Arab Unity Studies, _c2014. |
||
| 300 |
_aix, 315 p. ; _c25 cm. |
||
| 500 | _aOriginally published : 2013. | ||
| 500 | _aIndex : p. 311-315. | ||
| 504 | _aIncludes bibliographical references. | ||
| 650 | 7 |
_aArab Spring, 2010- _2BUEsh _938992 |
|
| 651 | _2BUEsh | ||
| 653 |
_bBUSBOL _cFebruary2016 _cJanuary2017 |
||
| 700 | 1 |
_aHaseeb, K., _eeditor. |
|
| 942 | _2ddc | ||
| 999 |
_c21150 _d21122 |
||